IATA Codes in British International Airports - Statistics

General Stats
  • This quiz has been taken 51 times
  • The average score is 10 of 15
Answer Stats
Airport Location IATA Code % Correct
London Heathrow Intl Airport Hillingdon, England LHR
97%
London Gatwick Intl Airport Crawley, England LGW
94%
Manchester Intl Airport Ringway, England MAN
86%
London City Intl Airport Newham, England LCY
83%
London Luton Intl Airport Luton, England LTN
83%
Edinburgh Intl Airport Edinburgh, Scotland EDI
81%
London Stansted Intl Airport Stansted, England STN
81%
Birmingham Intl Airport Bickenhill, England BHX
75%
Newcastle Intl Airport Woolsington, England NCL
64%
Leeds Bradford Intl Airport Leeds, England LBA
58%
Belfast Intl Airport Andergrove, Northen Ireland BFS
53%
London Southend Intl Airport Southend, England SEN
47%
Cardiff Intl Airport Rhoose, Wales CWL
36%
Glasgow Prestwick Intl Airport Prestwick, Scotland PIK
36%
Belfast City Intl Airport Belfast, Northen Ireland BHD
25%
No matching quizzes found
Score Distribution
Percent of People with Each Score
Percentile by Number Answered
Your Score History
You have not taken this quiz